000 00588nam a2200205Ia 4500
005 20250508165950.0
008 008 250505s9999 xx 000 0 eng d
020 _a0521-65117-4
037 _aReference
040 _aFEDL
_beng
_cFEDL
041 _aeng
_2eng
084 _a155.4, HOP/RR
_qFEDL
100 _aHopkins Brian Ed.
_9470768
245 0 _aCambridge encyclopedia of child development
260 _aCambridge
_bCambridge University Press
_c2005
300 _axiv, 670p.
365 _aINR
_b878
942 _cREF
_h155.4, HOP/RR
999 _c1398446
_d1398446